Normal view
MARC view
- Centro Studi e Ricerche Idos (a cura di)
Entry Personal Name
001 - CONTROL NUMBER
- control field: 56321
003 - CONTROL NUMBER IDENTIFIER
- control field: IT-RoPau
005 - DATE AND TIME OF LATEST TRANSACTION
- control field: 20170331120333.0
008 - FIXED-LENGTH DATA ELEMENTS
- fixed length control field: 170331|| aca||aabn | a|a d
040 ## - CATALOGING SOURCE
- Original cataloging agency: IT-RoPau
- Transcribing agency: IT-RoPau
100 ## - HEADING--PERSONAL NAME
- Personal name: Centro Studi e Ricerche Idos (a cura di)
670 ## - SOURCE DATA FOUND
- Source citation: Work cat.: (IT-RoPau): Centro Studi e Ricerche Idos (a cura di), Dossier Statistico Immigrazione 2014, 2014